[Event "Belgrade Gligoric 100 Ann op"]
[Site "Belgrade"]
[Date "2023.02.05"]
[Round "2"]
[White "Petrovic, Aleksa"]
[Black "Milicevic, Aleksa"]
[Result "1-0"]
[WhiteElo "2247"]
[BlackElo "2056"]
[PlyCount "86"]
[EventDate "2023.02.05"]
[EventType "swiss (blitz)"]
[EventRounds "11"]
[EventCountry "SRB"]
[SourceTitle "EXT 2024"]
[Source "ChessBase"]
[SourceDate "2023.10.10"]
[SourceVersion "1"]
[SourceVersionDate "2023.10.10"]
[SourceQuality "1"]

1. d4 d5 2. c4 e6 3. Nf3 Be7 4. Nc3 Nf6 5. Bg5 h6 6. Bh4 0-0 7. e3 b6 8. Bxf6 Bxf6 9. cxd5 exd5 10. Qb3 Be6 11. Rd1 c6 12. Bd3 Qd6 13. 0-0 Nd7 14. Qc2 Rac8 15. Bh7+ Kh8 16. Bf5 Bxf5 17. Qxf5 Rfe8 18. Rfe1 g6 19. Qd3 Kg7 20. g3 Nf8 21. Kg2 Ne6 22. Re2 Ng5 23. Nxg5 hxg5 24. e4 dxe4 25. Rxe4 Rxe4 26. Qxe4 Qd7 27. h3 Re8 28. Qd3 Qe6 29. Rd2 Qd7 30. d5 cxd5 31. Nxd5 Rd8 32. Qb3 Qc6 33. Kh2 Kh8 34. Nb4 Qc5 35. Rxd8+ Bxd8 36. Qxf7 Qxb4 37. Qe8+ Kg7 38. Qxd8 Qxb2 39. Qe7+ Kh6 40. Qf8+ Kh7 41. Qf7+ Kh8 42. Kg2 Qc2 43. Qf6+ Kh7 1-0

[Event "Belgrade-chT Quality"]
[Site "Belgrade"]
[Date "2019.10.31"]
[Round "11.6"]
[White "Milosevic, Zeljko"]
[Black "Milicevic, Aleksa"]
[Result "1/2-1/2"]
[WhiteElo "1870"]
[BlackElo "2130"]
[PlyCount "27"]
[EventDate "2019.10.05"]
[EventType "team-tourn"]
[EventRounds "11"]
[EventCountry "SRB"]
[SourceTitle "EXT 2022"]
[Source "ChessBase"]
[SourceDate "2021.10.06"]
[SourceVersion "1"]
[SourceVersionDate "2021.10.06"]
[SourceQuality "1"]
[WhiteTeam "Polet"]
[BlackTeam "Belgrade Politika"]
[WhiteTeamCountry "SRB"]
[BlackTeamCountry "SRB"]

1. e4 d6 2. d4 Nf6 3. f3 g6 4. Be3 c6 5. Qd2 Qb6 6. c3 Nbd7 7. Bd3 Qc7 8. a3 e5 9. Ne2 Bg7 10. a4 0-0 11. Na3 d5 12. Bh6 exd4 13. cxd4 dxe4 14. Bxe4 1/2-1/2

[Event "Belgrade-chT"]
[Site "Belgrade"]
[Date "2014.11.02"]
[Round "10"]
[White "Milicevic, Aleksa"]
[Black "Dikic, Veljko"]
[Result "1-0"]
[WhiteElo "2160"]
[BlackElo "1980"]
[PlyCount "97"]
[EventDate "2014.10.04"]
[EventType "team-tourn"]
[EventRounds "13"]
[EventCountry "SRB"]
[SourceTitle "EXT 2015"]
[Source "ChessBase"]
[SourceDate "2014.11.20"]
[SourceVersion "1"]
[SourceVersionDate "2014.11.20"]
[SourceQuality "1"]

1. d4 d5 2. c4 c6 3. Nf3 Nf6 4. e3 Bg4 5. Nc3 e6 6. Bd3 Bd6 7. h3 Bh5 8. Qb3 Qc7 9. Bd2 Bg6 10. Bxg6 hxg6 11. Rc1 a6 12. cxd5 exd5 13. 0-0 Nbd7 14. Rfe1 0-0 15. e4 dxe4 16. Nxe4 Nxe4 17. Rxe4 Nf6 18. Re2 Rae8 19. Rce1 Rxe2 20. Rxe2 Re8 21. Rxe8+ Nxe8 22. Bb4 Bxb4 23. Qxb4 Nf6 24. Ne5 Nd5 25. Qc5 Nf4 26. Qc4 Nd5 27. a3 Qa5 28. Qe2 Qd8 29. Nd3 a5 30. Qe5 Kf8 31. g3 Nc7 32. Qxa5 Kg8 33. Qb6 Kh7 34. Ne5 f6 35. Nf3 Qc8 36. h4 Nd5 37. Qb3 Qg4 38. Qd1 Qe4 39. Kh2 b5 40. Kg2 g5 41. hxg5 fxg5 42. Kf1 Kh6 43. Qe2 Qf5 44. Ne5 Nf6 45. Qd3 Ne4 46. Qe3 Nf6 47. g4 Qb1+ 48. Kg2 Qxb2 49. Qh3+ 1-0

[Event "Belgrade-chT"]
[Site "Belgrade"]
[Date "2014.05.10"]
[Round "5"]
[White "Milicevic, Aleksa"]
[Black "Kovacic, Misa"]
[Result "1/2-1/2"]
[WhiteElo "2159"]
[BlackElo "2155"]
[PlyCount "101"]
[EventDate "2014.05.05"]
[EventType "swiss"]
[EventRounds "5"]
[EventCountry "SRB"]
[SourceTitle "CBM 160 Extra"]
[Source "ChessBase"]
[SourceDate "2014.07.01"]
[SourceVersion "1"]
[SourceVersionDate "2014.07.01"]
[SourceQuality "1"]

1. d4 d5 2. c4 Nc6 3. Nf3 Bg4 4. cxd5 Bxf3 5. gxf3 Qxd5 6. e3 e5 7. Nc3 Bb4 8. Bd2 Bxc3 9. bxc3 exd4 10. cxd4 0-0-0 11. Be2 f5 12. Qb3 Nf6 13. Rb1 Qxb3 14. Rxb3 Rhe8 15. Kf1 a6 16. Bd3 g6 17. Kg2 Nd5 18. Rhb1 Nb6 19. Rc1 Re6 20. Bc3 Kb8 21. Bb2 f4 22. Be4 Nd5 23. Rc5 Nce7 24. Bxd5 Rxd5 25. Rxd5 Nxd5 26. e4 Nb6 27. d5 Re8 28. Kh3 Nc4 29. Bd4 Kc8 30. Kg4 Rf8 31. Rc3 b5 32. Kg5 Kd7 33. Kg4 c6 34. dxc6+ Kxc6 35. Be5 Kc5 36. Bxf4 b4 37. Rc2 a5 38. h4 a4 39. Be3+ Kb5 40. Bd4 b3 41. axb3 axb3 42. Re2 Rd8 43. Bf6 Rd1 44. Kg5 Rd2 45. Rxd2 Nxd2 46. Kf4 Kc5 47. Bc3 Kd6 48. Ke3 b2 49. Bxb2 Nc4+ 50. Kf4 Nxb2 51. Kg5 1/2-1/2

[Event "Belgrade-chT"]
[Site "Belgrade"]
[Date "2013.10.16"]
[Round "5.5"]
[White "Milicevic, Aleksa"]
[Black "Popovic, Andrija"]
[Result "0-1"]
[WhiteElo "2192"]
[BlackElo "2229"]
[PlyCount "84"]
[EventDate "2013.10.12"]
[EventType "team-tourn"]
[EventRounds "11"]
[EventCountry "SRB"]
[SourceTitle "EXT 2014"]
[Source "ChessBase"]
[SourceDate "2013.11.20"]
[SourceVersion "1"]
[SourceVersionDate "2013.11.20"]
[SourceQuality "1"]
[WhiteTeam "Post Stedionica"]
[BlackTeam "GSP Polet"]
[WhiteTeamCountry "SRB"]
[BlackTeamCountry "SRB"]

1. d4 Nf6 2. c4 g6 3. Nf3 Bg7 4. g3 0-0 5. Bg2 d6 6. Nc3 Nbd7 7. 0-0 c6 8. h3 Rb8 9. e4 e5 10. Be3 b6 11. Qc2 exd4 12. Nxd4 Bb7 13. Rad1 Qc7 14. Rfe1 Rbd8 15. b3 Rfe8 16. Bf4 Ne5 17. Bg5 h6 18. Be3 Kh7 19. f4 Ned7 20. Bf2 a6 21. Nf3 Nh5 22. Nd4 Bf6 23. Nce2 c5 24. Nf5 gxf5 25. e5 Be4 26. Bxe4 fxe4 27. exf6 Ndxf6 28. Nc3 Qe7 29. Re3 Qe6 30. Rde1 Qxh3 31. Nxe4 Kg7 32. Nxd6 Rxd6 33. Rxe8 Ng4 34. Qb2+ Nhf6 35. Bxc5 Qxg3+ 36. Qg2 Qxg2+ 37. Kxg2 bxc5 38. Rc8 Rd2+ 39. Kg3 Rxa2 40. Rxc5 Rb2 41. Rc7 Rxb3+ 42. Kh4 Nf2 0-1

[Event "Belgrade tt Cup"]
[Site "Belgrade"]
[Date "2013.04.17"]
[Round "1"]
[White "Velickovic, Sasa"]
[Black "Milicevic, Aleksa"]
[Result "1-0"]
[WhiteElo "2372"]
[BlackElo "2218"]
[PlyCount "97"]
[EventDate "2013.04.17"]
[EventType "team-swiss"]
[EventRounds "5"]
[EventCountry "SRB"]
[SourceTitle "EXT 2015"]
[Source "ChessBase"]
[SourceDate "2014.11.20"]
[SourceVersion "1"]
[SourceVersionDate "2014.11.20"]
[SourceQuality "1"]

1. e4 d6 2. d4 Nf6 3. Bd3 g6 4. Nf3 Bg7 5. h3 0-0 6. 0-0 c6 7. Re1 Nbd7 8. c3 e5 9. Nbd2 Qc7 10. Bf1 Re8 11. a4 d5 12. exd5 cxd5 13. dxe5 Nxe5 14. Nxe5 Rxe5 15. Rxe5 Qxe5 16. Nf3 Qd6 17. Be3 Be6 18. Bd4 Nd7 19. Bxg7 Kxg7 20. Qd4+ Kg8 21. a5 Qc5 22. Qa4 Nf6 23. Qf4 Ne4 24. Nd4 Qd6 25. Qh6 Rc8 26. Bd3 Nc5 27. Be2 Bd7 28. Bf3 Nd3 29. Qd2 Ne5 30. Be2 Nc4 31. Bxc4 dxc4 32. Qh6 Rc5 33. Qh4 Kg7 34. Qe4 Qc7 35. a6 b6 36. Nf3 Bc6 37. Qd4+ Kg8 38. Re1 Qd7 39. Ne5 Qd5 40. Nxc6 Qxc6 41. Qd8+ Kg7 42. Re8 Qc7 43. Rg8+ Kh6 44. Qd2+ g5 45. Qd4 Qe5 46. Qd8 Kh5 47. Qd1+ Kh6 48. h4 Rd5 49. Qg4 1-0

[Event "Belgrade-chT"]
[Site "Belgrade"]
[Date "2012.10.07"]
[Round "6.3"]
[White "Milicevic, Aleksa"]
[Black "Dobrijevic, Milan"]
[Result "1/2-1/2"]
[WhiteElo "2233"]
[BlackElo "2226"]
[PlyCount "52"]
[EventDate "2012.10.01"]
[EventType "team-tourn"]
[EventRounds "11"]
[EventCountry "SRB"]
[SourceTitle "CBM 150 Extra"]
[Source "ChessBase"]
[SourceDate "2012.10.19"]
[SourceVersion "1"]
[SourceVersionDate "2012.10.19"]
[SourceQuality "1"]
[WhiteTeam "Belgrade Post Stedionica"]
[BlackTeam "Belgrade PTT"]
[WhiteTeamCountry "SRB"]
[BlackTeamCountry "SRB"]

1. d4 Nf6 2. c4 g6 3. Nf3 Bg7 4. g3 0-0 5. Bg2 c6 6. 0-0 d5 7. cxd5 Nxd5 8. Nc3 Nb6 9. h3 a5 10. b3 Na6 11. Bg5 h6 12. Be3 Be6 13. Qc1 Kh7 14. Bd2 Nc7 15. Ne4 Nb5 16. e3 Qc8 17. Kh2 f5 18. Nc5 Bg8 19. Qe1 a4 20. Ba5 axb3 21. Bxb6 bxa2 22. Qb4 Nd6 23. Rfc1 Ne4 24. Rc2 Nf6 25. Rb2 g5 26. Qd2 Nd5 1/2-1/2

[Event "SRB-chT quality"]
[Site "Belgrade"]
[Date "2010.10.28"]
[Round "8"]
[White "Mladenovic, Aleksandar"]
[Black "Milicevic, Aleksa"]
[Result "0-1"]
[WhiteElo "1798"]
[BlackElo "2206"]
[PlyCount "68"]
[EventDate "2010.10.09"]
[EventType "team-tourn"]
[EventRounds "11"]
[EventCountry "YUG"]
[SourceTitle "EXT 2011"]
[Source "ChessBase"]
[SourceDate "2010.11.26"]
[SourceVersion "1"]
[SourceVersionDate "2010.11.26"]
[SourceQuality "1"]

1. d4 d5 2. c4 e6 3. Nc3 Nf6 4. cxd5 exd5 5. Bg5 c6 6. e3 Be7 7. Bd3 Na6 8. Bxa6 bxa6 9. Nf3 0-0 10. h3 Rb8 11. Qe2 Ne4 12. Nxe4 dxe4 13. Bxe7 Qxe7 14. Ne5 Qb4+ 15. Kf1 Qxb2 16. Qxb2 Rxb2 17. Nxc6 Bd7 18. Ne7+ Kh8 19. g3 Re8 20. Nd5 Rc8 21. a3 Rcc2 22. Rh2 a5 23. h4 Bg4 24. Nf4 h5 25. Kg1 a4 26. Kf1 Kh7 27. Kg1 f6 28. Nd5 a5 29. Nf4 Bf3 30. Ne6 Rb3 31. Rf1 Rxa3 32. Rb1 Rb3 33. Ra1 a3 34. Nc5 Rbc3 0-1

[Event "Belgrade-chT"]
[Site "Belgrade"]
[Date "2009.10.10"]
[Round "7"]
[White "Dobrijevic, Milan"]
[Black "Milicevic, Aleksa"]
[Result "1-0"]
[WhiteElo "2166"]
[BlackElo "2216"]
[PlyCount "53"]
[EventDate "2009.10.04"]
[EventType "team-tourn"]
[EventRounds "9"]
[EventCountry "YUG"]
[SourceTitle "CBM 132 Extra"]
[Source "ChessBase"]
[SourceDate "2009.11.03"]
[SourceVersion "1"]
[SourceVersionDate "2009.11.03"]
[SourceQuality "1"]

1. e4 c6 2. d4 d5 3. exd5 cxd5 4. Bd3 Nc6 5. c3 Nf6 6. h3 e5 7. dxe5 Nxe5 8. Qe2 Qe7 9. Bc2 Nc6 10. Be3 Be6 11. Nd2 Qc7 12. Ngf3 Be7 13. Nd4 Nxd4 14. Bxd4 0-0 15. 0-0 Rfe8 16. Rad1 Qf4 17. Qf3 Qxf3 18. Nxf3 Ne4 19. Bb3 Red8 20. Rfe1 h6 21. Ne5 Nc5 22. Ng6 Bd6 23. Bxc5 Bxc5 24. Nf4 Rd6 25. Bxd5 Rf8 26. b4 Bb6 27. Nxe6 1-0